000
00184 a2200085 4500
020
_a
9783038603726
100
_a
ANTOINE DE PERROT
245
_a
TRANSVERSAL TERRITORY
260
_b
PARK BOOKS
999
_c
13062
_d
13062